Most popular names of 2008 Quiz Stats

 Plays Quiz not verified by Sporcle

Challenge
Share
Tweet
Embed
Score 0/10 Timer 06:00
0 Plays Today
Name % Correct
Emma
75%
Isabella
62.5%
Ava
58.3%
Olivia
58.3%
Abigail
54.2%
Sophia
54.2%
Ella
41.7%
Lily
25%
Chloe
25%
Madelyn
8.3%

You're not logged in!

Compare scores with friends on all Sporcle quizzes.
Join for Free
OR
Log In

You Might Also Like...

Show Comments

Extras

Created Oct 20, 2010ReportNominate
Tags:Popular Quiz, 2009, baby

Top Quizzes Today


Score Distribution

Your Account Isn't Verified!

In order to create a playlist on Sporcle, you need to verify the email address you used during registration. Go to your Sporcle Settings to finish the process.

Report this User

Report this user for behavior that violates our Community Guidelines.

Details: